Sabrina Carpenter - Tous les clips - Statistiques

Statistiques générales
  • Ce quiz a été pris 176 fois
    6 depuis la dernière actualisation
  • Le résultat moyen est 15 sur 29
Statistiques - réponses
Par images Réponse % Correct
because i liked a boy
100%
Espresso
100%
Fast Times
100%
Feather
100%
House Tour
100%
Manchild
100%
Please Please Please (feat. Dolly Parton)
100%
Taste
100%
Tears
100%
Thumbs
100%
Nonsense
75%
Please Please Please
75%
Cant Blame a Girl For Trying
50%
Paris
50%
Sue Me
50%
Alien
25%
Almost Love
25%
Exhale
25%
Eyes Wide Open
25%
On My Way
25%
On Purpose
25%
santa doesnt know you like i do
25%
Skinny Dipping
25%
Why
25%
In My Bed
0%
Skin
0%
Smoke and Fire
0%
The Middle of Starting Over
0%
Well Be The Stars
0%
Aucun quiz correspondant
Distribution des résultats
% des personnes avec chaque résultat
Percentile par nombre de réponses
Votre historique - résultats
Vous n’avez pas pris ce quiz depuis la dernière actualisation